Design Manual for High Temperature Hot Water and Steam System (Record no. 4274)

MARC details
005 - DATE AND TIME OF LATEST TRANSACTION
control field 20250623134825.0
020 ## - INTERNATIONAL STANDARD BOOK NUMBER
International Standard Book Number 0-471-89363-3
082 ## - DEWEY DECIMAL CLASSIFICATION NUMBER
Classification number LM 621.402 COF
100 ## - MAIN ENTRY--PERSONAL NAME
Author name COFIELD, R. E.
245 ## - TITLE STATEMENT
Title Design Manual for High Temperature Hot Water and Steam System
260 ## - PUBLICATION, DISTRIBUTION, ETC.
Place of publication, distribution, etc. New York,
Name of publisher, distributor, etc. John Wiley & Sons,
Date of publication, distribution, etc. 1983.
300 ## - PHYSICAL DESCRIPTION
Extent xxii, 338p.: ill.; figure, table.
Other physical details Index.
Dimensions 23cm.
942 ## - ADDED ENTRY ELEMENTS (KOHA)
Source of classification or shelving scheme Dewey Decimal Classification
Koha item type Books
Holdings
Date last seen Total checkouts Full call number Barcode Cost, replacement price Price effective from Koha item type Lost status Source of classification or shelving scheme Damaged status Not for loan Withdrawn status Home library Current library Shelving location Date acquired Cost, normal purchase price
06/18/2025   LM 621.402 COF 00000013158 30000.00 06/18/2025 Books   Dewey Decimal Classification       College of Business Education Main Library College of Business Education Main Library General Collection 02/25/1985 10000.00